000 00466nam a2200181Ia 4500
005 20241119003151.0
008 240331s9999 xx 000 0 und d
020 _a8185107211
082 _bTHE
_a823
100 _aKali for women
245 4 _aThe slate of life :
_ban anthology of stories by Indian women
260 _aNew Delhi
_bKali for Women
_c1990
300 _a163 p .,
650 _aReligion
650 _aIndian Women
650 _aPolitical
942 _cL
999 _c3310
_d3310